000 00600nam a2200217Ia 4500
001 590
003 AR-BaAGN
005 20231117111512.0
007 ta
008 211206s9999 xx 000 0 spa d
040 _aAR-BaAGN
_bspa
_eaacr
100 _aIrigoyen, Bernardo de,
_d1822-1906
_96625
245 1 0 _aDelfín Gallo :
_bapuntes biográficos publicados en "El Diario"
_cBernardo de Irigoyen
260 _aBuenos Aires :
_bImp. Alsina,
_c1890.
300 _a48 páginas
336 _2rdacontent
_btxt
337 _2rdamedia
_bn
338 _2rdacarrier
_bnc
942 _cLIBRO
_n0
999 _c590
_d590